000 00331cam a22001097a 4500
008 180718b2000 xxu||||| |||| 00| 0 eng d
100 _aJethwaney, Jaishri N.
245 _aPublic relations
_cby Jaishri N. Jethwaney and Narendra Nath Sarkar
260 _aNew Delhi
_bSterling
_c2000
300 _av.p.
700 _aSarkar, Narendra Nath
999 _c399591
_d399591